[Event "EU-ch 6th"]
[Site "Warsaw"]
[Date "2005.06.29"]
[Round "11"]
[White "Pelletier, Yannick"]
[Black "Cao, Sang"]
[Result "0-1"]
[WhiteElo "2610"]
[BlackElo "2488"]
[Annotator "Stohl,I"]
[PlyCount "96"]
[EventDate "2005.06.18"]
[EventType "swiss"]
[EventRounds "13"]
[EventCountry "POL"]
[SourceTitle "CBM 108"]
[Source "ChessBase"]
[SourceDate "2005.09.26"]
[SourceVersion "1"]
[SourceVersionDate "2005.09.26"]
[SourceQuality "1"]

1. d4 Nf6 2. c4 c5 3. d5 b5 4. cxb5 a6 5. bxa6 Bxa6 (5... d6 6. Nc3 g6 7. g3
Bg7 8. Bg2 Nbd7 9. Nf3 Nb6 $5 $13) 6. Nc3 d6 7. g3 g6 8. Bg2 Bg7 9. Nf3 Nbd7
10. Rb1 Qa5 (10... Nb6 $143 11. b3 Ra7 12. O-O Qa8 13. Nh4 $1 O-O 14. Bb2 {
is unconvincing, after some more stereotyped moves from Black White took over:}
Rb8 15. Re1 Ne8 16. Qc2 Nc7 17. e4 Nb5 18. Nxb5 Bxb5 19. Bxg7 Kxg7 20. a4 Bd7
21. Nf3 f6 22. Nd2 Rc7 23. Bf1 $36 {Magalashvili,D-Kadziolka,B/EU-ch Warsaw/
2005/}) 11. O-O O-O 12. Bd2 Rfb8 13. Re1 (13. b3 {is considered less incisive
due to} Qa3 $1 14. Bc1 Qa5 {and if White avoids repetition, Black can gain <=>
with} 15. Bb2 Ne8 16. Qc2 c4 $5 17. Na4 $5 (17. Rfd1 Nc5 18. Ba1 Rb4 19. Nd2
cxb3 20. axb3 Nc7 21. Bf1 Bc8 22. e4 Qa7 23. Na4 Nxa4 24. Bxg7 Kxg7 25. bxa4
Rxa4 26. Qc3+ Kg8 $11 {Epishin,V-Krivoshey,S/Graz op/2001/}) (17. b4 Rxb4 18.
Ba1 Rab8 19. Rxb4 Rxb4 20. Rd1 Nc5 21. Qd2 Qb6 22. Qe3 Bf6 23. g4 Na4 24. Qxb6
(24. Nd4 $2 Bxd4 25. Rxd4 (25. Qxd4 Qxd4 26. Rxd4 Nxc3 27. Bxc3 Rb1+ 28. Bf1
Rc1 $17) 25... Rb1+ $1 26. Nxb1 Qxb1+ 27. Bf1 Qxa1 28. Re4 Nf6 29. Rxe7 Nxd5
30. Re8+ Kg7 31. Qa7 Nc5 32. g5 Bb5 33. Rb8 Bc6 34. Rc8 Bd7 {0-1,Gurevich,
M-Cao Sang/EU-ch Warsaw /2005/}) 24... Nxb6 25. Nd2 $5 $11 (25. g5 Bxc3 $1 26.
Bxc3 Ra4 $36)) (17. Nd2 Nc5 $44) 17... cxb3 (17... Bxb2 18. Rxb2 Bb5 19. Nc3
cxb3 20. axb3 Rc8 21. Rc1 $14 {Purnama,T-Weber,J/Calvia olm/2004/}) 18. axb3
Rc8 19. Qd1 Bxb2 20. Rxb2 Bb5 $132) (13. Qc2 {is nowadays considered to be the
strongest, but perhaps the situation is not so bleak for Black, as
Kramnik-Topalov makes it seem:} Qc7 $5 (13... Ng4 14. a4 $1 Nge5 15. Nxe5 Nxe5
16. b3 {is different to the line with 13.b3, as now Black doesn't have the c4
advance:} Qd8 (16... c4 $2 17. b4 $1 $18 {/\} Rxb4 18. Na2 Qxa4 19. Nxb4) 17.
Rfe1 Ra7 18. h3 (18. Na2 Rc8 19. Bc3 Rb7 20. h3 Qf8 21. Kh2 h5 22. f4 Nd7 23.
Bxg7 Qxg7 24. b4 $1 $16 {Sakalauskas,V-Llorens,M/Calvia olm/2004/}) 18... Rab7
19. Na2 Qc8 20. f4 Nd7 {Kramnik,V-Van Wely,L/Monte Carlo blind/2003/} 21. b4 $1
$16) (13... Ne8 14. Rfe1 Nc7 15. a4 $5 Qb6 16. b3 Bxc3 17. Bxc3 Nxd5 18. Ne5 $1
Nxe5 19. Bxd5 Bb7 20. Bxb7 Rxb7 21. Bxe5 dxe5 22. Rec1 $36 {Kramnik,V-Topalov,
V/Wijk aan Zee/2003/}) 14. b3 Nb6 15. Nh4 Qb7 16. Rfd1 Nfxd5 17. Nxd5 Nxd5 18.
Bh6 (18. Bf4 $6 Nxf4 $1 19. Bxb7 Nxe2+ 20. Kg2 Bxb7+ {[%cal Re2c3] /\Nc3|^,
Zakharevich}) 18... Nb4 $1 19. Qd2 (19. Bxb7 Nxc2 20. Bxa8 Bxh6 21. Bf3 Na3 22.
Ra1 Bg7 23. Rac1 Bb2 $15) 19... Nc6 (19... Bxh6 20. Qxh6 Qc8 21. Bxa8 Rxa8 22.
Nf3 f6 23. Qe3 Kf7 24. Qh6 Kg8 25. Qe3 Kf7 26. Qh6 Qg8 27. Rb2 Bb7 28. Ra1 $16
{Williams,L-Situru,N/Bled olm/2002/}) 20. Nf5 $1 Bxh6 (20... Bf6 $2 21. Nxd6 $1
$16 {Zakharevich,I-Rudykh,S/RUS-chT/2003/}) 21. Nxh6+ Kg7 22. Rb2 $1 (22. Nxf7
Kxf7 23. Qd5+ Kf6 24. Qxc6 Qxc6 25. Bxc6 Bxe2 26. Rd2 Ra6 $11) 22... f6 (22...
Bb5 23. Bd5 $36) 23. Ng4 $14 {/~~}) 13... Ng4 $5 14. Qc2 (14. Qc1 Nge5 15. Nxe5
Nxe5 16. b3 c4 17. Na4 Qb5 18. Bc3 Bc8 19. f4 Bf5 20. Rb2 cxb3 21. axb3 Ng4 22.
Bxg7 Kxg7 23. Qc3+ Kg8 24. e4 Bd7 25. Reb1 Qa6 26. Qd4 $36 {Sulava,N-Pfeiffer,
G/Oberwart op/1995/}) 14... Nge5 15. b3 (15. Nxe5 Nxe5 16. b3 c4 $5 (16... Bc8
17. a4 Bf5 18. Be4 Bxe4 19. Qxe4 f5 20. Qc2 Qa6 21. f4 Nf7 22. Nb5 Qb7 23. Qc4
Qd7 24. e4 $16 {Ree,H-Popov,L/Wijk aan Zee/1975/}) 17. Na4 cxb3 18. axb3 Qd8
19. h3 (19. Bc3 $142 Bb5 20. Bh3 $5 $14) 19... Rc8 20. Qe4 Bb5 21. Nc3 Bd7 22.
Qe3 Bf5 23. Rbc1 h5 24. Na4 Rcb8 25. f4 Nd7 26. Rc6 Rb5 27. Rec1 Rab8 28. b4
Nf6 29. Qb3 Be4 $36 {Moor,O-Belotti,B/SUI-chT/2001/}) 15... Nxf3+ 16. exf3 $146
{[%csl Rd3,Rd4,Rd5] Tempting, but double-edged, as it weakens White's [+]
pawns, as well as the d4- and d3-squares.} ({The solid} 16. Bxf3 $142 Ne5 17.
Bg2 {-15.Ne5 gives White more chances to fight for an advantage.}) 16... Ne5 {
[%cal Ra6d3] /\Bd3} 17. Re3 (17. f4 Bd3 18. Qd1 Bxb1 $1 19. Nxb1 Qxa2 20. fxe5
Bxe5 $44 {|^}) (17. Na4 Bd3 18. Qd1 Qxa4 $5 (18... Qa7 $132) 19. bxa4 Rxb1 $44)
17... Bc8 18. f4 Bf5 19. Be4 Ng4 20. Rf3 $6 {[%csl Rf3] Here the R will be
sadly misplaced and will never properly rejoin the play again. Once White
opened the <->e, consistent was} (20. Re2 $142 $1 {[%cal Ge1e8]} Nh6 $132 (
20... Bxe4 21. Rxe4 Bxc3 22. Bxc3 Qxa2 23. Rb2 Qa7 24. f5 $1 gxf5 25. Re1 Qd7
26. h3 $40)) 20... Nh6 $5 {Black's N aims for d4, he already has higher
ambitions than equality.} (20... Bxe4 21. Qxe4 Bxc3 22. Bxc3 Qxa2 23. f5 Ne5 $5
(23... Nf6 24. Bxf6 exf6 25. fxg6 hxg6 26. Rxf6 $14) (23... Ra4 24. bxa4 Qxb1+
25. Qxb1 Rxb1+ 26. Kg2 $14) 24. Bxe5 (24. Re3 Ra4 $1) 24... dxe5 25. fxg6 hxg6
$11) 21. Bxf5 Nxf5 22. Qe4 h5 $1 {Black keeps the tension.} (22... Bxc3 23.
Bxc3 Qxa2 24. g4 Ra4 25. b4 $1 $13) 23. h3 Rb4 24. Qe1 Nd4 25. Rd3 Qa6 26. Qf1
c4 $44 {[%mdl 4] Another interesting moment. Black opens up the <<, with his
far more active pieces White's extra P doesn't make itself felt and is more of
a liability. In the following phase Cao Sang increases the pressure by
gradually manoeuvring his pieces to better squares. White finds it
increasingly difficult to cope with, as he has no direct targets and must
always watch his a- and d-P, all in all a model display by Black.} 27. bxc4 (
27. Rxd4 Bxd4 28. Ne2 c3 (28... cxb3 29. Bxb4 bxa2 30. Nxd4 axb1=Q 31. Qxb1 $14
) 29. Nxc3 Qxf1+ 30. Kxf1 Rb7 31. a4 Bxc3 32. Bxc3 Rxa4 $17) 27... Rxc4 28. g4
$5 (28. a4 Rac8 29. Nb5 Qxa4 30. Nxd4 Rxd4 31. Be3 $15) 28... hxg4 29. hxg4 Qc8
{[%csl Rf4,Rg1,Rg4] ׻} 30. Rg3 Rc5 (30... Ra3 31. Rb8 $5 Qxb8 32. Qxc4 $132)
31. a4 Nc2 $5 (31... Qd7 32. Qd3 Rac8 33. Kg2 $13) 32. Qd3 (32. Qh3 Na3 33. Rb3
Nc4 $36) (32. Rb3 $5) 32... Na3 33. Rb4 Nc4 34. Be1 Rb8 $5 35. Rxb8 Qxb8 36.
Qe4 $6 {The Q achieves nothing here, White should have tried to move his
pieces in the direction of the >>.} (36. Ne4 $142 Rc7 37. Bc3 $13 (37. f5 $5))
36... Qb7 37. f5 $6 {This only helps Black, as it gives his N the ideal
e5-square and now White will have no >><=>.} (37. g5 Qd7 $1 $36 (37... Nb6 38.
f5 $132)) 37... g5 $17 38. Rh3 Ne5 {[%csl Ge5]} 39. Qe2 Rc4 40. Rg3 Qb4 41. Bd2
Bf6 42. Nd1 $6 (42. Kg2 $142 {/\} Nxg4 $2 43. f4 $1 $40) 42... Qxa4 43. Ne3 Rc8
44. Rh3 Rb8 {Material is equal and Black has a decisive positional advantage -
all his pieces are more active, than their counterparts.} 45. Bc3 Qe4 $1 46. f3
{[%csl Rh3] צh3} Qb1+ ({Black already wants more than} 46... Nxf3+ 47. Qxf3
Qxf3 48. Rxf3 Bxc3 $17) 47. Kh2 $2 (47. Nf1 Nd3 $5 48. Bxf6 exf6 $40) 47... Ra8
48. Ng2 Ra2 {The final triumph of the << invasion.} (48... Ra2 49. Qe3 (49. Bd2
Qb2 $19) (49. Qe1 Qc2 {/\} 50. Rg3 Nxf3+ $1 $19) 49... Qc2 50. Rg3 Ra3) 0-1

[Event "Hoogovens"]
[Site "Wijk aan Zee"]
[Date "1999.01.26"]
[Round "9"]
[White "Piket, Jeroen"]
[Black "Topalov, Veselin"]
[Result "1-0"]
[WhiteElo "2609"]
[BlackElo "2700"]
[Annotator "Stohl,I"]
[PlyCount "87"]
[EventDate "1999.01.16"]
[EventType "tourn"]
[EventRounds "13"]
[EventCountry "NED"]
[EventCategory "17"]
[SourceTitle "CBM 069"]
[Source "ChessBase"]
[SourceDate "1999.04.01"]
[SourceVersion "1"]
[SourceVersionDate "1999.04.01"]
[SourceQuality "1"]

1. d4 Nf6 2. c4 c5 3. d5 b5 4. cxb5 a6 5. bxa6 g6 6. Nc3 Bxa6 7. Nf3 Bg7 8. g3
d6 9. Bg2 Nbd7 10. Rb1 $5 {An interesting new idea. White removes his R from
the long diagonal as soon as possible to play b3 and consolidate his <<. Black
still hasn't found a setup, whic guarantees active counterplay. The heavily
played} (10. O-O Nb6 $1 {doesn't allow Rb1 anymore, theory and practice show
Black has sufficient compensation for the pawn.}) 10... O-O (10... Nb6 11. b3 (
11. O-O $6 Bc4 $36 {wins the pawn back advantageously.}) 11... O-O (11... Bb7
12. Nh4 Ra5 13. O-O Qa8 14. Bd2 O-O 15. a4 Ra6 16. e4 e6 17. dxe6 fxe6 18. Re1
Nbd7 19. b4 cxb4 20. Rxb4 Nc5 21. e5 dxe5 22. Bxb7 Nxb7 23. Rxe5 $16 {Manor,
I-Hansen,L/EU-chJ Groningen/1986/}) 12. O-O {-10...0-0}) (10... Qa5 $6 11. O-O
(11. Bd2 Nb6 12. O-O O-O 13. a4 Nfd7 14. Qc2 Nc4 15. Be1 Qc7 16. Nd2 Ncb6 17.
Nde4 c4 18. a5 Nc8 19. Nd1 Nc5 20. Nxc5 Qxc5 21. Bd2 Rb8 22. Ne3 Na7 23. Rfc1
Rfc8 24. h4 $14 {Ilincic,Z-Marinkovic,I/Kladovo/1994/}) 11... O-O 12. Qc2 Nb6
13. Rd1 Bb7 14. e4 Nfd7 15. a3 $1 Nc4 16. b4 cxb4 17. axb4 Qb6 18. Qb3 Rfc8 19.
Ne2 Qa6 20. Ned4 Qa2 21. Qxa2 Rxa2 22. Bh3 Ncb6 23. Be3 Re8 24. Nc6 Kf8 25.
Rdc1 $18 {Baburin,A-Fedorowicz,J/San Francisco/1997/}) 11. O-O Nb6 (11... Qc7
12. b3 Rfb8 13. h3 (13. Re1 Ra7 14. Bd2 Rab7 15. Rc1 Ng4 16. h3 Nge5 17. Nxe5
Bxe5 18. Nb1 Qb6 19. Na3 Ra7 20. Nb1 Bb5 21. Rc2 Rba8 22. a3 Ba6 23. b4 Bb5 24.
Qc1 Ba4 25. Rc4 Qa6 $36 {Heim,S-Plachetka,J/Thessaloniki olm/1984/}) 13... Qa5
14. Bd2 Nb6 15. Qc2 Qa3 16. Bc1 Qa5 17. Rd1 Bb7 18. Nh2 Ng4 19. Nxg4 Qxc3 20.
Qe4 e5 $2 21. Nh6+ Kf8 22. Bd2 Qd4 23. Qc2 $1 e4 24. Ng4 h5 25. Be1 $18 {
Sulava,N-Bauer,R/Berlin op/1990/}) 12. b3 (12. Nh4 Qc7 13. b3 Rae8 $5 14. Bb2
e6 15. dxe6 fxe6 16. Qd2 d5 17. Rfd1 Rd8 18. Qc2 e5 $44 19. Nf3 Qe7 20. Nxe5
Qxe5 21. Nxd5 Qxe2 22. Qxe2 Bxe2 23. Bxf6 Nxd5 24. Bxg7 Bxd1 25. Rxd1 Ne3 $1
$17 {Kiss,A-Paehtz,T/Leipzig/1988/}) (12. a3 Nfd7 13. Nd2 Ra7 14. Qc2 e6 15.
dxe6 fxe6 16. Nf3 d5 17. h4 Ne5 (17... Nf6 $5 $132) 18. Nxe5 Bxe5 19. Bh6 Re8
20. Rfd1 Rf7 21. Ne4 Bd4 22. e3 dxe4 23. Bxe4 Qf6 24. exd4 cxd4 25. Bg5 $16 {
Lazarev,V-Verdier,P/FRA-chT/1998/}) (12. Re1 $2 Bc4) 12... Ra7 (12... Ne8 13.
Bb2 Nc7 14. Nh4 Qd7 15. Qd2 Ra7 16. Rfe1 Nb5 17. Nxb5 Qxb5 18. Bxg7 Kxg7 19. a4
Qe8 20. e4 f6 21. f4 e5 22. dxe6 Qxe6 23. a5 Nc8 24. b4 $16 {Pytel,K-Bielczyk,
J/Augustow/1975/}) (12... Qc7 $5 13. Re1 Qb7 ({The abovementioned plan of
central counterplay is now ineffective:} 13... Rae8 14. e4 e6 15. dxe6 fxe6 16.
Bf4) 14. e4 Ng4 15. Qc2 Nd7 16. Rd1 Rfb8 17. h3 Nge5 18. Nxe5 Bxe5 19. a4 Qc8
20. Bd2 Ra7 21. Bf1 Bxf1 22. Rxf1 Nf6 23. Kg2 Ne8 24. Nb5 Rab7 25. f4 Bg7 26.
Ba5 Ra8 27. Bc3 Bxc3 28. Qxc3 Nc7 29. Na3 Rb4 30. Nc4 Qb7 $132 {/\Raa4,f5<=>,
Skomorokhin,R-Mayr,K/Berlin op/ 1994/}) 13. a4 (13. Re1 Qa8 (13... Bb7 $5 14.
e4 Ng4 $132) 14. e4 Ng4 (14... Rb8 $142 {/\Ne8-c7}) 15. Bb2 Nd7 16. a4 Rb8 17.
Bf1 $1 Bxf1 18. Rxf1 Nge5 19. Nxe5 Nxe5 20. Nb5 Rab7 21. Bxe5 Bxe5 22. h4 $16 {
Antic,D-Perunovic,M/Nis/1995/}) 13... Qa8 14. Nh4 Rb8 15. Bb2 (15. Re1 $5 $14 {
/\} c4 $2 16. b4 Bb7 17. Be3) 15... Nbd7 $146 ({The thematic move, but also
very committal move is} 15... c4 $5 16. b4 Bb7 17. a5 Nbxd5 18. Nb5 Ne3 19. Qd4
Bxg2 $1 (19... Nxf1 $6 20. Qxa7 Bxg2 21. Nxg2 Qxa7 22. Nxa7 Nd2 23. Nc6 Nd7 24.
Nxb8 Nxb8 25. Rd1 c3 26. Bc1 $18 {Baburin,A-Riemersma,L/Cappelle la Grande op/
1996/}) 20. Qxa7 Bxf1 21. Qxa8 Rxa8 22. Nc7 $5 ({Piket had most probably
analysed this position and found something more convincing than} 22. fxe3 Bxe2
23. Nc7 Rc8 $13) 22... Ra7 $142 ({Baburin's suggestion} 22... Rc8 23. b5 {
[%csl Ga5,Gb5] is dangerous, the pawns are very strong.}) 23. Bd4 $5 Rxc7 24.
b5 c3 25. b6 c2 26. Rc1 $36 {If the complications don't work for Black,
Topalov's move deserves attention.}) 16. Ba1 Ne5 (16... Rb4 $5 {/\c4} 17. Na2
Rb8 18. Re1 $14) 17. Qc2 Rab7 18. Rfd1 {[%mdl 32] From now on for a couple of
moves Black has the possibility to play c4, but it never fully solves his
problems. Finally after Black misses all the chances, Piket takes a firm
control of c4 and his well thought out strategy triumphs.} Qa7 (18... c4 19.
bxc4 Bxc4 (19... Nxc4 20. Rxb7 Rxb7 21. Ne4 $36) 20. Rxb7 Rxb7 21. Nb5 $5 $36 {
/\} Bxb5 22. axb5 Rxb5 $6 23. Bxe5 dxe5 24. d6 $40) 19. Bf1 Ne8 $6 ({This was
probably the best moment, as after} 19... c4 $5 20. bxc4 Bxc4 {the threat is
Bb3 and it's not so easy to retain the extra pawn.} (20... Nxc4 21. Rxb7 Rxb7
22. Nb5 $16) 21. Rxb7 Rxb7) 20. Ne4 $1 Rb6 (20... c4 21. Bd4 (21. bxc4 Rxb1 (
21... Nxc4 22. Rxb7 Rxb7 23. Bxg7 Nxg7 24. e3 $16) (21... Bxc4 $2 22. Bxe5 Rxb1
23. Rxb1 Rxb1 24. Bxg7 $16) 22. Rxb1 Rxb1 23. Qxb1 Bxc4 $132) 21... Qa8 22.
bxc4 Rxb1 23. Rxb1 Rxb1 24. Qxb1 Bxc4 25. Nc3 $36 {[%csl Ga4] o^a}) 21. Nd2 $1
Nd7 22. Bxg7 Kxg7 23. Nhf3 Nef6 24. e4 {[%csl Gc4,Gd5,Ge4] [+],><c4} Rb4 25.
Bxa6 Qxa6 26. Nc4 Nb6 27. Nfd2 Nfd7 (27... Nxc4 28. Nxc4 Nd7 29. a5 $5 $36 {
A very similar position could arise later in the game.}) 28. Na3 $1 Nf6 29. Qc3
Nbd7 (29... Kg8 $2 30. Nc2 Rxe4 31. Nxe4 Nxe4 32. Qf3 $16) 30. Nc2 R4b7 31. Nc4
Kg8 32. f3 Ra8 (32... Nb6 33. Na5 $1 Nxa4 (33... Rd7 34. Nc6 $18) 34. Qe1 Rb6
35. Nc6 $16) 33. Rb2 Nb6 34. N2e3 Nxc4 (34... Nfd7 $5) 35. Nxc4 Rb4 $6 {
A mistake in the looming time-trouble, which finally allows White a switch
from prophylactic to active strategy. (a strong central break.)} (35... Nd7
$142 36. a5 $14 {/+/- White is undoubtedly better, but he still must crack
Black's position.}) 36. e5 $1 dxe5 (36... Nd7 37. f4 $5 $40) 37. Qxe5 Qb7 38.
d6 Qxf3 $6 $138 (38... Nd7 $142 39. Qe4 $5 $16 (39. Qxe7 Rxb3 40. Re2 Rxf3 41.
Ne5 Qb3 $132)) 39. Rf1 Qe4 (39... Qd5 40. dxe7 {-39...Qe4}) 40. dxe7 Qxe5 41.
Nxe5 $18 Re4 42. Rd2 Re8 (42... Rxe5 43. Rd8+ Kg7 44. Rxa8 Rxe7 45. a5 $18) 43.
Nc4 Re6 (43... Kg7 44. Nd6 $18) 44. Rxf6 $1 (44. Rxf6 Rxf6 45. Rd8 $18) 1-0

[Event "ISR-ch op"]
[Site "Tel Aviv"]
[Date "2001.04.14"]
[Round "6"]
[White "Psakhis, Lev"]
[Black "Bitensky, Igor"]
[Result "1-0"]
[WhiteElo "2575"]
[BlackElo "2323"]
[Annotator "Psakhis,L"]
[PlyCount "89"]
[EventDate "2001.04.09"]
[EventType "swiss"]
[EventRounds "9"]
[EventCountry "ISR"]
[SourceTitle "CBM 083"]
[Source "ChessBase"]
[SourceDate "2001.07.05"]
[SourceVersion "1"]
[SourceVersionDate "2001.07.05"]
[SourceQuality "1"]

1. d4 g6 2. Nf3 Bg7 3. g3 Nf6 4. c4 O-O 5. Bg2 d6 6. O-O c5 7. d5 b5 $5 (7...
e6 8. Nc3 exd5 9. cxd5) 8. cxb5 a6 9. bxa6 Bxa6 10. Nc3 Nbd7 11. Rb1 $1 (11.
Ne1 $5 Qb6 12. Nc2 Rfb8 13. Ne3 $13) 11... Qc7 (11... Qa5 12. Bd2 Rfb8 13. Qc2)
12. b3 Rfb8 13. Bb2 $146 (13. Re1 Ra7 14. Bd2 Qb7 (14... Rab7 15. Rc1 Ng4 16.
h3 Nge5 17. Nxe5 Bxe5 18. Nb1 Qb6 19. Na3 Ra7 20. Nb1 Bb5 21. Rc2 Rba8 {
Heim,S-Plachetka,J/Thessaloniki ol 1984/0-1 (97)}) 15. e4 Ng4 16. a4 Bd3 17.
Rb2 Nge5 18. Nxe5 Nxe5 19. Bc1 Nf3+ 20. Qxf3 Bxc3 21. Qxd3 Bxe1 22. Bf3 Qb4 23.
Bd1 Qc3 24. Qb1 Qd4 25. Be3 Qb4 26. Be2 Bc3 27. Rc2 Rxa4 {0-1 Keck-Kempter/
Moskva 1990 (27)}) (13. Qc2 Rb7 14. Nd2 Qa5 15. a3 Ne8 16. Bb2 Rab8 17. Rfd1
Nc7 18. Bf1 h6 19. h3 Na8 20. Kh2 Nc7 21. f4 Ne8 {Snatenkov,V-Mirovshchikov,S/
Ural-ch Orsk 2001/RUS/1/2-1/2 (66)}) 13... Nb6 14. Re1 Qa7 (14... Bb7 15. e4
$16) 15. h3 Ne8 16. e4 Nd7 (16... e6 17. dxe6 fxe6 18. Qd2 $16) 17. Ba1 Nc7 18.
Qc2 Rb4 19. a3 Rd4 $5 {[%mdl 512]} (19... Rb7 20. b4 $5 $16) 20. Nxd4 cxd4 21.
Na2 $1 (21. Na4 Nb5) 21... Nb5 22. Bb2 (22. Qb2 Ne5) 22... d3 (22... Nxa3 $2
23. Bxa3 Bb5 24. Bb2 d3 (24... Qxa2 $2 25. Ra1) 25. Qd2 Qxa2 26. Ra1 $18) 23.
Qd2 Nd4 (23... Bxb2 $5 24. Qxb2 Ne5 25. Nb4 Nd4 26. Re3 $1 $16 {[%csl Rf3]})
24. Bxd4 Bxd4 25. Nb4 Ne5 26. Nxa6 (26. Nc6 $142 Nxc6 27. dxc6 Rc8 28. Rec1)
26... Qxa6 27. Kh2 Rc8 $1 {[%cal Rc8c2]} (27... Qxa3 28. f4 $18) 28. Rec1 Rxc1
29. Rxc1 Qxa3 30. f4 Nd7 31. Rc8+ Kg7 32. Qxd3 Qa1 33. Qf1 Qb2 34. Qc1 $138 (
34. Rc7 Nf6 35. Rxe7 Bf2 $5 36. e5 Nh5 {[%csl Rg3,Rh2]}) 34... Qxb3 35. Rc4 Bf6
(35... Bc5 36. Qc3+ $18) 36. Rc7 Nb6 (36... Nc5 37. e5 $18) 37. Rb7 Bd4 38. Qe1
(38. Rxe7 Nc4) 38... Qa2 (38... Kf8 39. e5 $18) 39. Qb4 Qf2 (39... Qa1 40. h4)
40. h4 $1 $18 Nc8 (40... Kf8 41. Rb8+ Kg7 42. Qb5) 41. Rc7 Bc5 42. Qb7 Qg1+ 43.
Kh3 Bf2 44. Rxc8 Bxg3 45. Qb2+ 1-0